000
00376nam a2200145Ia 4500
008
240806s9999||||xx |||||||||||||| ||und||
020
_a
978-0-00-613187-5
040
_a
Kenya National Library Service
082
_a
823 CHR
100
_a
Christie, Agatha
245
0
_a
Body in the library
650
_a
Fiction
942
_c
BK
999
_c
273226
_d
273226